Private Bond Restructurings Lessons for the Case of Sovereign Debtors

Gespeichert in:
Bibliographische Detailangaben
1. Verfasser: Piňón-Farah, Marco A.
Format: Buch
Sprache:Englisch
Veröffentlicht: Washington International Monetary Fund 1996
Ausgabe:1. ed.
Schriftenreihe:IMF Working Paper 11
Schlagworte:
Tags: Tag hinzufügen
Keine Tags, Fügen Sie das erste Tag hinzu!

MARC

LEADER 00000nam a2200000 4500
001 c017459
005 20221221083314.8
041 0 |a eng 
044 |a US 
245 1 0 |a Private Bond Restructurings  |b Lessons for the Case of Sovereign Debtors  |c Marco A. Piňón-Farah 
250 |a 1. ed. 
264 1 |a Washington  |b International Monetary Fund  |c 1996 
300 |a 11 s. 
490 1 |a IMF Working Paper  |v 11 
830 0 |a IMF Working Paper  |v 11 
610 2 0 |a dlhopisy 
610 2 0 |a dlžníci 
610 2 0 |a obligácie 
610 2 0 |a veritelia 
610 2 0 |a štúdie prípadové 
610 2 0 |a USA 
610 2 0 |a Amerika 
610 2 0 |a dlhy štátne 
100 1 |a Piňón-Farah, Marco A.